Hệ thống nông nghiệp Việt Nam Lý luận và Thực tiễn

Sách trình bày hướng dẫn sản xuất nông nghiệp, các thành phần của hệ thống nông nghiệp: các hệ thống cây trồng, vật nuôi, cách thiết kế các hệ thống, cách nghiên cứu và tính toán hiệu quả kinh tế,...khái niệm nông nghiệp bền vững,...

Cur síos iomlán

Đã lưu trong:
Sonraí Bibleagrafaíochta
Príomhúdar: Phạm, Văn Hiền
Formáid: Leabhar
Teanga:Undetermined
Foilsithe: Thành phố Hồ Chí Minh Nông nghiệp 2017
Ábhair:
Clibeanna: Cuir Clib Leis
Gan Chlibeanna, Bí ar an gcéad duine leis an taifead seo a chlibeáil!
Thư viện lưu trữ: Trung tâm Học liệu Trường Đại học Cần Thơ
LEADER 01164nam a2200217Ia 4500
001 CTU_230902
008 210402s9999 xx 000 0 und d
020 |c 160000 
082 |a 630.1597 
082 |b H305 
100 |a Phạm, Văn Hiền 
245 0 |a Hệ thống nông nghiệp Việt Nam 
245 0 |b Lý luận và Thực tiễn 
245 0 |c Phạm Văn Hiền (chủ biên) 
260 |a Thành phố Hồ Chí Minh 
260 |b Nông nghiệp 
260 |c 2017 
520 |a Sách trình bày hướng dẫn sản xuất nông nghiệp, các thành phần của hệ thống nông nghiệp: các hệ thống cây trồng, vật nuôi, cách thiết kế các hệ thống, cách nghiên cứu và tính toán hiệu quả kinh tế,...khái niệm nông nghiệp bền vững, một số hệ thống cây trồng, hệ thống nông nghiệp đang phổ biến ở nước ta. 
650 |a Agriculture,Nông nghiệp 
650 |z Vietnam,Việt Nam 
980 |a Trung tâm Học liệu Trường Đại học Cần Thơ